|
|
|
|
| LEADER |
01772nam a2200433 a 4500 |
| 001 |
EBC592557 |
| 003 |
MiAaPQ |
| 005 |
20200520144314.0 |
| 006 |
m o d | |
| 007 |
cr cn||||||||| |
| 008 |
011127s2002 dcua sb 001 0 eng d |
| 010 |
|
|
|z 2001058872
|
| 020 |
|
|
|z 1891853422 (lib. bdg.)
|
| 020 |
|
|
|z 1891853430 (pbk.)
|
| 020 |
|
|
|z 9781891853432
|
| 020 |
|
|
|a 9781936331543 (electronic bk.)
|
| 035 |
|
|
|a (MiAaPQ)EBC592557
|
| 035 |
|
|
|a (Au-PeEL)EBL592557
|
| 035 |
|
|
|a (CaPaEBR)ebr10422625
|
| 035 |
|
|
|a (CaONFJC)MIL762556
|
| 035 |
|
|
|a (OCoLC)670412738
|
| 040 |
|
|
|a MiAaPQ
|c MiAaPQ
|d MiAaPQ
|
| 043 |
|
|
|a n-us---
|
| 050 |
|
4 |
|a HD4483
|b .P67 2002
|
| 082 |
0 |
4 |
|a 338.4/76284/0973
|2 21
|
| 100 |
1 |
|
|a Porter, Richard C.
|
| 245 |
1 |
4 |
|a The economics of waste
|h [electronic resource] /
|c Richard C. Porter.
|
| 260 |
|
|
|a Washington, D.C. :
|b Resources for the Future,
|c c2002.
|
| 300 |
|
|
|a xii, 301 p. :
|b ill.
|
| 504 |
|
|
|a Includes bibliographical references (p. 267-292) and index.
|
| 505 |
0 |
|
|a pt. 1. Solid waste creation, collection, and disposal -- pt. 2. Recycling solid waste products -- pt. 3. Special waste categories -- pt. 4. Final thoughts.
|
| 533 |
|
|
|a Electronic reproduction. Ann Arbor, MI : ProQuest, 2015. Available via World Wide Web. Access may be limited to ProQuest affiliated libraries.
|
| 650 |
|
0 |
|a Refuse and refuse disposal
|x Economic aspects
|z United States.
|
| 650 |
|
0 |
|a Factory and trade waste
|x Economic aspects
|z United States.
|
| 650 |
|
0 |
|a Recycling (Waste, etc.)
|x Economic aspects
|z United States.
|
| 650 |
|
0 |
|a Pollution
|z United States
|x Costs.
|
| 655 |
|
4 |
|a Electronic books.
|
| 710 |
2 |
|
|a ProQuest (Firm)
|
| 856 |
4 |
0 |
|u https://ebookcentral.proquest.com/lib/matrademy/detail.action?docID=592557
|z Click to View
|